Anarchist - YUNGBLUD - All Lyrics - Statistics

General Stats
  • This quiz has been taken 54 times
  • The average score is 254 of 299
Answer Stats
Answer % Correct
a
96%
an
96%
ana-ana
96%
Ana-ana
96%
anarchist,
96%
anarchist
96%
I
96%
the
96%
They
96%
they
96%
do
92%
don't
92%
Don’t
92%
I’m
92%
I'm
92%
you
92%
know
88%
me
88%
where
88%
am,
85%
am
85%
said
85%
young
85%
in
81%
Locked
81%
messed
81%
not
81%
room
81%
so
81%
then
81%
up
81%
up?
81%
was
81%
why
81%
club
77%
come
77%
I’ve
77%
morning
77%
never
77%
of
77%
seen
77%
since
77%
sun
77%
And
73%
and
73%
Ritalin
73%
think
73%
to
73%
like
69%
my
69%
other
69%
still
69%
Yeah,
69%
at
65%
dead
65%
head
65%
kids
65%
month
65%
but
62%
employee
62%
for
58%
took
50%
cliff
46%
game
46%
off
46%
old
46%
set
46%
tied
46%
toaster
46%
favourite
42%
Percocet
38%
'Cause
35%
chucked
27%
toys
27%
pawned
23%
No matching quizzes found
Score Distribution
Percent of People with Each Score
Percentile by Number Answered
Your Score History
You have not taken this quiz